| 000 | 01715cam a2200469 i 4500 | ||
|---|---|---|---|
| 003 | PE-LiUPU | ||
| 005 | 20250731172843.0 | ||
| 020 |
_a0802871003 _q(pbk. ; _qalk. paper) |
||
| 020 |
_a9780802871008 _q(pbk. ; _qalk. paper) |
||
| 035 | _a(Sirsi) i9780802871008 | ||
| 040 |
_aPE-LiUPU _bspa _cPE-LiUPU _erda |
||
| 041 | 1 |
_aeng _hfre |
|
| 049 | _aPRUA | ||
| 082 | 0 | 0 |
_a282.092 _bC72 _223 |
| 100 | 1 |
_aCool, Michel, _eautor. |
|
| 245 | 1 | 0 |
_aFrancis, a new world pope / _cMichel Cool ; translated by Regan Kramer. |
| 264 | 1 |
_aGrand Rapids, Michigan : _bWilliam B. Eerdmans Publishing Company, _c2013. |
|
| 300 |
_aviii, 120 páginas : _bilustraciones ; _c22 centímetros. |
||
| 336 |
_atext _2rdacontent |
||
| 337 |
_aunmediated _2rdamedia |
||
| 338 |
_avolume _2rdacarrier |
||
| 505 | 0 | _aMercy on the march -- Francis and the seagull -- Ten pressing matters -- Pope Francis in his own words -- The Pope we have been waiting for. | |
| 526 | _aSEG42 | ||
| 526 | _aSEG41 | ||
| 526 | _aSEG40 | ||
| 526 | _aSEG39 | ||
| 526 | _aP94 | ||
| 526 | _aP87 | ||
| 526 | _aP86 | ||
| 526 | _aP85 | ||
| 526 | _aP77 | ||
| 526 | _aP76 | ||
| 526 | _aP35 | ||
| 534 |
_pTítulo original : _tFrançois, pape du nouveau monde. |
||
| 910 |
_jck _bhop _chop _d20160526 |
||
| 942 |
_2ddc _cBOOK |
||
| 949 |
_a282.092 C72 _wDEWEY _c1 _i73204 _lCCODEBUL1 _mBUL _p14.00 _r0 _sY _tBOOK _u2016-5-26 _xTEOLOGIA _PP85 _0COMPRA _o.STAFF. Posgrado |
||
| 994 |
_aC0 _bPEPRU |
||
| 596 | _a1 | ||
| 999 |
_a282.092 C72 _wDEWEY _c9610 _i73204 _f2021-11-11 _g5 _lCCODEBUL1 _mBUL _p14.00 _r0 _sY _tBOOK _u2016-5-26 _xTEOLOGIA _PP85 _0COMPRA _o.STAFF. Posgrado _d9610 |
||
| 980 |
_81 _gALBERTO SANCHEZ Responsable de Automatización |
||